Oasis - Name the Year of Release - Statistics

General Stats
  • This quiz has been taken 816 times
  • The average score is 10 of 10
Answer Stats
Song Year % Correct
Wonderwall 1995
100%
Live Forever 1994
99%
Stand By Me 1997
99%
Some Might Say 1995
98%
Stop Crying Your Heart Out 2002
98%
The Hindu Times 2002
97%
The Importance of Being Idle 2005
97%
The Shock of the Lightning 2008
96%
Go Let It Out 2000
94%
I'm Outta Time 2008
94%
No matching quizzes found
Score Distribution
Percent of People with Each Score
Percentile by Number Answered
Your Score History
You have not taken this quiz